| 000 | 04901namaa22004211i 4500 | ||
|---|---|---|---|
| 003 | OSt | ||
| 005 | 20251221111006.0 | ||
| 008 | 250827s2024 ua a|||frm||| 000 0 eng d | ||
| 040 |
_aEG-GICUC _bara _cEG-GICUC _dEG-GICUC _erda |
||
| 041 | 0 |
_aara _bara _beng |
|
| 049 | _aإيداع | ||
| 082 | 0 | 4 | _a745.55 |
| 092 |
_a745.55 _221 |
||
| 097 | _aمــــاجستير | ||
| 099 | _aCai01.14.01.M.Sc.2024.أس.ف | ||
| 100 | 0 |
_a،أسما فاروق عبده البراوي _eإعداد. |
|
| 245 | 1 | 0 |
_aفن أشغال الصدف في عصر أسرة محمد على في ضوء مجموعات جديدة بمتاحف القاهرة : _bدراسة أثرية فنية / _cإعداد أسما فاروق عبده البراوي؛ إشراف أ.د/ جمال عبد الرحيم إبراهيم، أ.د/ شادية الدسوقي عبد العزيز كشك. |
| 246 | 1 | 5 |
_aThe art of shell works in the era of the mohammad ali dynasty in light of new collections in cairo museums : _bAn artistic archaeological study / |
| 264 | 0 | _c2024. | |
| 300 |
_a398 صفحة : _bإيضاحيات ؛ _c30 cm. + _eCD. |
||
| 336 |
_atext _2rda content |
||
| 337 |
_aUnmediated _2rdamedia |
||
| 338 |
_avolume _2rdacarrier |
||
| 502 | _aأطروحة (ماجستير)-جامعة القاهرة، 2024. | ||
| 504 | _aببليوجرافيا: صفحات 369-398. | ||
| 520 | _aالمقدمة وتشتمل على تعريف أشغال الصدف وطرق الصناعة والفنون التي ظهر عليها وكذلك نبذة عن عصر أسرة محمد على ، كما تشتمل على أهمية البحث وأسباب اختياره وإشكالية البحث وصعوباته والدراسات السابقة ومنهجية البحث ، ويلي المقدمة التمهيد ويتضمن دراسة عصر أسرة محمد على واهتمامهم بالفنون ورعايتها وإنشاء القصور المتميزة واقتناء التحف القيمة النادرة التي ملأت المتاحف الكبرى في مصر. ثم بعد ذلك القسم الأول وفيه الدراسة الوصفية مدعومة بالصور للقطع الفنية الموجودة بالمتاحف المختلفة في القاهرة والتي تم تطعيمها بالصدف . القسم الثاني : الدراسة التحليلية عن المواد الخام (الصدف ــ العاج ــ العظم ) وما هو الصدف وطرق استخراجه وكيفية استخدامه وكذلك الطرق الصناعية والأساليب الزخرفية يلي ذلك العناصر الزخرفية والمتمثلة في الشارات والشعارات ،النقوش الكتابية، العناصر المعمارية ،الزخارف النباتية، وأخيرا الأشكال الهندسية وبعد ذلك المراكز الصناعية والطرز الفنية . | ||
| 520 | _aThe Introduction, which includes a definition of the shell works, manufacturing methods, and the arts that appeared on them, as well as a brief about the era of the Mohammad Ali Dynasty. It also includes the importance of the research, the reasons for choosing it, the problem of the research, its difficulties, previous studies, and the research methodology. The introduction is followed by the preface, which includes a study of the era of the Mohammad Ali Dynasty and their interest in the arts and their care, the establishment of distinguished palaces, and the acquisition of valuable and rare artifacts that filled the major museums in Egypt.Then the first section is the descriptive study supported by pictures of the artistic pieces in the various museums in Cairo that were inlaid with shell works.Section Two: Analytical study of raw materials (shells - ivory - bone) and what is shells and methods of extraction and how to use them as well as industrial methods and styles followed by decorative elements represented by badges and logos, written inscriptions, architectural elements, plant decorations and finally geometric shapes and then industrial centers and artistic styles . | ||
| 530 | _aصدر أيضًا كقرص مدمج. | ||
| 546 | _aالنص بالعربية والملخص باللغة الإنجليزية والعربية. | ||
| 650 | 7 |
_aأشغال الصدف _2qrmak |
|
| 653 | 0 |
_aفنون _aأشغال الصدف _aالصدف كاري |
|
| 700 | 0 |
_aجمال عبد الرحيم إبراهيم _eمشرف أطروحة. |
|
| 700 | 0 |
_aشادية الدسوقي عبد العزيز كشك _eمشرف أطروحة. |
|
| 900 |
_b01-01-2024 _cجمال عبد الرحيم إبراهيم _cشادية الدسوقي عبد العزيز كشك _Uجامعة القاهرة _Fكلية الآثار _Dقسم الآثار الإسلامية |
||
| 905 |
_aSara _eAfaf |
||
| 942 |
_2ddc _cTH _e21 _n0 |
||
| 999 | _c176405 | ||